000 00520nam a2200145 4500
008 030310s1955 enk eng
090 _aPN4888.B4
_bR79
100 1 _aRowles, George
245 1 0 _aThe technique of the church magazine for the clergy and the skilled laity /
_cGeorge Rowles.
260 _aLondon :
_bSamuel Bagster & Sons,
_cc1955.
300 _a124 p. :
_bills.
650 4 _aChurch periodical.
650 4 _aJournalism, Religious.
951 _p6925
_x00013772
_oPN4888.B4/R79
_j070613111222390
_d2000-12-21
_cGC
999 _c14909
_d14909